000 01211nam a2200253Ia 4500
999 _c53390
_d53390
001 20433
003 GE_BSU
005 20201206163228.0
008 181216s1963||||ge |||||||||||||| ||geo||
040 _cGE_BSU
041 _ageo
080 _a811.353.1'36(075.3) შ-21
100 _aშანიძე, ა.
_99847
245 _aქართული ენის გრამატიკა. ნაწ. 2 : სინტაქსი (მართლწერის საკითხებითურთ) :
_bმე-7-8 კლასების სახელმძღვ. /
_cა. შანიძე ; რედ. ე. პოლოლიკაშვილი.
250 _aმე-18 გამოცემა
264 _aთბილისი :
_bგანათლება,
_c1963
300 _a120 გვ. ;
_c22 სმ.
541 _h28 თ.
653 _a სინტაქსი (მართლწერის საკითხებითურთ)
653 _aქართული ენა
653 _aქართული ენის გრამატიკა
700 _aპოლოლიკაშვილი, ე.
_eრედაქტორი
_94959
942 _cBK
_2udc